Učebnica nemčiny pre samoukov a kurzy
Gespeichert in:
| 1. Verfasser: | |
|---|---|
| Weitere Verfasser: | |
| Format: | Buch |
| Sprache: | Slowakisch |
| Veröffentlicht: |
Bratislava
Slovenské pedagogické nakladateľstvo
1984
|
| Ausgabe: | 3. vyd. |
| Schlagworte: | |
| Online-Zugang: | Im OPAC anzeigen |
| Tags: |
Keine Tags, Fügen Sie das erste Tag hinzu!
|
MARC
| LEADER | 00000nam a22000001i 4500 | ||
|---|---|---|---|
| 005 | 20260127134123.0 | ||
| 008 | 090725s1984 SK a rp 000 slo d | ||
| 035 | |a vtls009675700 | ||
| 035 | |a (SVKBBclas03)vtls000052834 | ||
| 039 | 9 | |a 202004170752 |b AUTHORITY |c 201806220939 |d mschk03 |c 201709170956 |d AUTHORITY |c 201211291410 |d msvkbb12 |y 200907250411 |z VLOAD | |
| 040 | |a SVKBB |b slo |c SVKBB |d STUSCHK1 |e AACR2 | ||
| 041 | 1 | |a gerslo | |
| 080 | |a 803.0(075.4) | ||
| 100 | 1 | |a Vaverková, Irena, |d 1925- |9 960 | |
| 245 | 1 | 0 | |a Učebnica nemčiny pre samoukov a kurzy |c Irena Vaverková; ilustr. Ľubica Prudilová |
| 250 | |a 3. vyd. | ||
| 260 | |a Bratislava |b Slovenské pedagogické nakladateľstvo |c 1984 | ||
| 300 | |a 732 s. |b pozn. |c 20 cm | ||
| 500 | |a Viazaná | ||
| 650 | 0 | 7 | |a nemčina |v učebnice pre samoukov. |2 hŠVKBB |
| 700 | 1 | |a Prudilová, Ľubica, |d 1944-, |e ilustrátor |4 ill | |
| 910 | |a SCHK910 | ||
| 999 | |c 4543 |d 4543 | ||